000 00559cam a22001932 4500
001 0000000456
005 20151217155801.0
008 070202s xx 000 0 eng d
040 _aKABU
_cKABU
050 0 _aDT351
_b.S7S36
100 1 _aScott, E. P.
_@0000148654
245 1 0 _aStanley and his heroic relief of Emin Pasha /
_cE. P. Scott.
260 _aLondon :
_bDean,
_c[n.d.]
300 _a246, p.
600 1 0 _aStanley, Henry Morton, Sir.
_@0000148655
908 _a070202
950 _@1
999 _c12324
_d12324